000
00338nam a2200133Ia 4500
008
240624s9999 xx 000 0 und d
041
_a
eng
082
_a
658.40352 BIN
100
_a
BINMORE KEN
245
_a
FUN AND GAME A TEXT ON GAME THEORY
260
_c
1999
_a
Delhi
_b
A.I.T.B.S.
300
_a
xxix, : 602 : p. : cm. ; 24
365
_c
RS
999
_c
1504
_d
1504